[Event "Hold-DM i hurtigskak 2025"]
[Site "Middelfart"]
[Date "2025.06.08"]
[Round "4.4"]
[White "Christensen, Hans Ulrich Falk Normark"]
[Black "Jalving, August"]
[Result "0-1"]
[WhiteElo "1985"]
[BlackElo "2014"]
[EventDate "2025.06.08"]
[EventType "team-tourn"]
[EventRounds "6"]
[EventCountry "DEN"]
[SourceTitle "Live v. Kasper Jerwiarz"]
[WhiteTeam "Fredericia Skakforening"]
[BlackTeam "BMS"]

1. e4 c5 2. Nc3 Nc6 3. g3 g6 4. d3 Bg7 5. Be3 Nd4 6. Bg2 d6 7. h3 e5 8. Nd5 Ne7 9. Bg5 Ndc6 10. Nf6+ Kf8 11. Nd5 h6 12. Be3 Nxd5 13. exd5 Ne7 14. c3 Kg8 15. Ne2 Kh7 16. O-O Rf8 17. f4 f5 18. Qd2 Qc7 19. d4 cxd4 20. cxd4 e4 21. Rac1 Qd8 22. Nc3 b6 23. Qc2 Ba6 24. Rf2 Bc4 25. Bf1 Bxd5 26. Nxd5 Nxd5 27. Qb3 Nxe3 28. Qxe3 d5 29. Rfc2 Qf6 30. Rc7 Kh8 31. Kg2 Rfd8 32. Ba6 Rd6 33. Qa3 Rad8 34. Rxa7 Qxd4 35. Rcc7 Qd2+ 36. Kf1 Qd1+ 37. Kg2 Bd4 38. Bf1 Qd2+ 39. Kh1 Qf2 40. Qxd6 Qxf1+ 41. Kh2 Qg1# 0-1

[Event "Hold-DM i hurtigskak 2025"]
[Site "Middelfart"]
[Date "2025.06.08"]
[Round "4.1"]
[White "Bogo, Soren"]
[Black "Loftgaard, Mikkel Vinh"]
[Result "1-0"]
[WhiteElo "2193"]
[BlackElo "2325"]
[EventDate "2025.06.08"]
[EventType "team-tourn"]
[EventRounds "6"]
[EventCountry "DEN"]
[SourceTitle "Live v. Kasper Jerwiarz"]
[WhiteTeam "Fureso"]
[BlackTeam "Laeseforeningen"]

1. d4 Nf6 2. c4 e6 3. Nc3 Bb4 4. Nf3 O-O 5. Bg5 d5 6. cxd5 exd5 7. e3 h6 8. Bh4 c5 9. Be2 Nc6 10. O-O Bxc3 11. bxc3 g5 12. Bg3 Ne4 13. Rc1 c4 14. Nd2 Nxd2 15. Qxd2 Bf5 16. f3 b5 17. Bd1 Re8 18. Bc2 Bxc2 19. Rxc2 Qe7 20. Re1 b4 21. e4 b3 22. exd5 Qa3 23. Rxe8+ Rxe8 24. dxc6 bxc2 25. Qxc2 Qa5 26. c7 Kg7 27. Qd2 Qd5 28. h4 f6 29. h5 Qf5 30. Qb2 g4 31. Qb7 Kg8 32. Qc6 Kf7 33. Qxc4+ Qe6 34. d5 Qe3+ 35. Kh2 gxf3 36. d6+ Qe6 37. Qd3 Qd7 38. Qxf3 Rg8 39. Qd5+ Qe6 40. c4 Rg5 41. Qxe6+ 1-0

[Event "Hold-DM i hurtigskak 2025"]
[Site "Middelfart"]
[Date "2025.06.08"]
[Round "4.2"]
[White "Sandmann, Villads Majvang"]
[Black "Damm, Kasper Wilken"]
[Result "1-0"]
[WhiteElo "2070"]
[BlackElo "2185"]
[EventDate "2025.06.08"]
[EventType "team-tourn"]
[EventRounds "6"]
[EventCountry "DEN"]
[SourceTitle "Live v. Kasper Jerwiarz"]
[WhiteTeam "Laeseforeningen"]
[BlackTeam "Fureso"]

1. d4 Nf6 2. c4 g6 3. Nc3 Bg7 4. e4 d6 5. Be2 O-O 6. Be3 e5 7. d5 Ne8 8. g4 f5 9. f3 Bh6 10. Bf2 fxg4 11. fxg4 Rxf2 12. Kxf2 Qh4+ 13. Kg2 Be3 14. Qe1 Qf6 15. h3 Na6 16. Nf3 g5 17. Bd3 Bf4 18. Qe2 Qg6 19. Nh2 Nf6 20. Nd1 Nc5 21. Nf2 a5 22. Nf1 h5 23. Bc2 Bd7 24. Ng3 Bxg3 25. Kxg3 h4+ 26. Kg2 Rf8 27. b3 Be8 28. a3 Qh7 29. b4 axb4 30. axb4 Na6 31. Rab1 Bg6 32. Rhe1 c5 33. dxc6 bxc6 34. b5 cxb5 35. cxb5 Nc5 36. Rb4 Ne6 37. Bb3 d5 38. exd5 Nf4+ 39. Rxf4 exf4 40. d6+ Kh8 41. Qe7 Qg7 42. Qxg7+ Kxg7 43. Re7+ Kh6 44. d7 Rd8 45. Be6 Bc2 46. b6 Ba4 47. Nd3 Nxd7 48. Bxd7 Bxd7 49. Ne5 Ba4 50. Nf7+ Kg6 51. Nxd8 Kf6 52. Rf7+ Kg6 53. b7 Bc6+ 54. Nxc6 Kxf7 55. b8=Q 1-0

[Event "Hold-DM i hurtigskak 2025"]
[Site "Middelfart"]
[Date "2025.06.08"]
[Round "4.3"]
[White "Sorensen, Reto Utiger"]
[Black "Topholm, Morten"]
[Result "1-0"]
[WhiteElo "2062"]
[BlackElo "2052"]
[EventDate "2025.06.08"]
[EventType "team-tourn"]
[EventRounds "6"]
[EventCountry "DEN"]
[SourceTitle "Live v. Kasper Jerwiarz"]
[WhiteTeam "Fureso"]
[BlackTeam "Laeseforeningen"]

1. c4 e5 2. g3 Nc6 3. Nc3 g6 4. Bg2 Bg7 5. Nf3 d6 6. O-O Nf6 7. d3 O-O 8. Rb1 a5 9. a3 h6 10. Bd2 Be6 11. Nb5 Qd7 12. Qc1 Kh7 13. h4 Bh3 14. Qc2 Bxg2 15. Kxg2 Nh5 16. Bc3 Rac8 17. d4 exd4 18. Nbxd4 Nxd4 19. Bxd4 Bxd4 20. Nxd4 Nf4+ 21. Kf3 h5 22. Kxf4 Qg4+ 23. Ke3 Rfe8+ 24. Kd3 Qe4+ 25. Kc3 Qe5 26. f4 Qe3+ 27. Qd3 c5 28. Nc2 Qxe2 29. Qxe2 Rxe2 30. Rbe1 1-0

[Event "Hold-DM i hurtigskak 2025"]
[Site "Middelfart"]
[Date "2025.06.08"]
[Round "4.4"]
[White "Christensen, Soren"]
[Black "Jensen, Christian Skov"]
[Result "1/2-1/2"]
[WhiteElo "1875"]
[BlackElo "1919"]
[EventDate "2025.06.08"]
[EventType "team-tourn"]
[EventRounds "6"]
[EventCountry "DEN"]
[SourceTitle "Live v. Kasper Jerwiarz"]
[WhiteTeam "Laeseforeningen"]
[BlackTeam "Fureso"]

1. d4 d6 2. e4 Nf6 3. f3 c6 4. Be3 Qc7 5. Nc3 e5 6. dxe5 dxe5 7. Bc4 Nbd7 8. Nh3 Bc5 9. Qe2 O-O 10. Nf2 Qb6 11. Bxc5 Nxc5 12. Rb1 Ne6 13. Bxe6 Bxe6 14. O-O Nh5 15. g3 g6 16. Kg2 Rae8 17. Na4 Qc7 18. c4 b6 19. b3 f5 20. Rbd1 Qe7 21. exf5 Bxf5 22. Rfe1 Qg5 23. Qe3 Qf6 24. Nc3 Qe7 25. Nce4 Bxe4 26. Nxe4 Rd8 27. Qe2 Ng7 28. Rxd8 Rxd8 29. Rd1 Rxd1 30. Qxd1 Nf5 31. Kf2 Nd4 32. Qd2 Kg7 33. Qg5 Qe6 34. h4 a5 35. h5 h6 36. Qxg6+ Qxg6 37. hxg6 Kxg6 38. Ke3 Nc2+ 39. Kd2 Nd4 40. Ke3 Nc2+ 41. Kf2 1/2-1/2

[Event "Hold-DM i hurtigskak 2025"]
[Site "Middelfart"]
[Date "2025.06.08"]
[Round "5.1"]
[White "Fedder, Steen"]
[Black "Jacobsen, Mikkel Manosri"]
[Result "0-1"]
[WhiteElo "2406"]
[BlackElo "2268"]
[EventDate "2025.06.08"]
[EventType "team-tourn"]
[EventRounds "6"]
[EventCountry "DEN"]
[SourceTitle "Live v. Kasper Jerwiarz"]
[WhiteTeam "FOHR"]
[BlackTeam "BMS"]

1. d4 d5 2. c4 e6 3. Nf3 a6 4. b3 Nf6 5. e3 b6 6. Bd3 Bb7 7. O-O Be7 8. Bb2 O-O 9. Qe2 Nbd7 10. Nc3 Ne4 11. Rac1 Bd6 12. Rfd1 f5 13. cxd5 exd5 14. Ne5 Qe7 15. Nxd7 Qxd7 16. f3 Ng5 17. Qf2 Rae8 18. f4 Ne4 19. Nxe4 fxe4 20. Bf1 a5 21. Rc2 a4 22. Bc3 axb3 23. axb3 Ra8 24. Qd2 Ra3 25. Rb1 Qe7 26. Ra2 Rfa8 27. Rba1 Rxa2 28. Rxa2 Qf8 29. g3 Rxa2 30. Qxa2 Qa8 31. Qxa8+ Bxa8 32. b4 Bc6 33. Be2 Kf7 34. Kf2 Bd7 35. g4 g5 36. Kg3 c5 37. bxc5 bxc5 38. dxc5 gxf4+ 39. exf4 Bxc5 40. Be5 d4 41. f5 d3 42. Bd1 e3 43. Bb3+ Kf8 44. f6 Be8 0-1

[Event "Hold-DM i hurtigskak 2025"]
[Site "Middelfart"]
[Date "2025.06.08"]
[Round "5.2"]
[White "Kistrup, Nicolai"]
[Black "Hansen, Jacob Ost"]
[Result "1-0"]
[WhiteElo "2430"]
[BlackElo "2328"]
[EventDate "2025.06.08"]
[EventType "team-tourn"]
[EventRounds "6"]
[EventCountry "DEN"]
[SourceTitle "Live v. Kasper Jerwiarz"]
[WhiteTeam "BMS"]
[BlackTeam "FOHR"]

1. e4 c5 2. Nf3 e6 3. c3 d5 4. exd5 Qxd5 5. d4 Nf6 6. Na3 Qd8 7. dxc5 Qxd1+ 8. Kxd1 Bxc5 9. Nb5 Na6 10. b4 Bxf2 11. Kc2 Ke7 12. a4 Bd7 13. Kb3 Rhc8 14. Ra2 Bb6 15. a5 Bc7 16. Nxc7 Nxc7 17. Be3 Ncd5 18. Bd4 b5 19. axb6 axb6 20. Ba6 Rcb8 21. Be5 Rg8 22. c4 Ne3 23. Bd4 Nxg2 24. Bxb6 Ne4 25. Ne5 Be8 26. Bb7 Rxa2 27. Kxa2 f5 1-0

[Event "Hold-DM i hurtigskak 2025"]
[Site "Middelfart"]
[Date "2025.06.08"]
[Round "5.3"]
[White "Hoi, Carsten"]
[Black "Falkesgaard, Jeppe Hald"]
[Result "1/2-1/2"]
[WhiteElo "2320"]
[BlackElo "2249"]
[EventDate "2025.06.08"]
[EventType "team-tourn"]
[EventRounds "6"]
[EventCountry "DEN"]
[SourceTitle "Live v. Kasper Jerwiarz"]
[WhiteTeam "FOHR"]
[BlackTeam "BMS"]

1. d4 d5 2. c4 c6 3. Nf3 Nf6 4. Nc3 e6 5. e3 Nbd7 6. Bd3 dxc4 7. Bxc4 b5 8. Bd3 Bd6 9. O-O O-O 10. e4 e5 11. d5 cxd5 12. exd5 b4 13. Nb5 Nc5 14. Bc4 Bb7 15. Bg5 h6 16. Bh4 a6 17. Nxd6 Qxd6 18. Re1 Rfe8 19. Bg3 Ncd7 20. Rc1 Rac8 21. Qd2 Nh5 22. Bb3 Nxg3 23. hxg3 Nb6 24. Nh4 a5 25. Nf5 Qf6 26. Ne3 Rxc1 27. Rxc1 Qd6 28. Nf5 Qd7 29. Nxh6+ gxh6 30. Qxh6 Nxd5 31. Bc2 e4 32. Qg5+ Kf8 33. Qh6+ Kg8 34. Qg5+ Kf8 35. Qh6+ Kg8 36. Qg5+ Kf8 37. Qh6+ Ke7 1/2-1/2

[Event "Hold-DM i hurtigskak 2025"]
[Site "Middelfart"]
[Date "2025.06.08"]
[Round "5.4"]
[White "Jalving, August"]
[Black "Rosenlund, Thorbjorn"]
[Result "0-1"]
[WhiteElo "2014"]
[BlackElo "2029"]
[EventDate "2025.06.08"]
[EventType "team-tourn"]
[EventRounds "6"]
[EventCountry "DEN"]
[SourceTitle "Live v. Kasper Jerwiarz"]
[WhiteTeam "BMS"]
[BlackTeam "FOHR"]

1. e4 e5 2. Nf3 Nc6 3. Bb5 a6 4. Ba4 Nf6 5. O-O b5 6. Bb3 Bb7 7. Re1 Bc5 8. c3 d6 9. a4 O-O 10. d4 Bb6 11. Bg5 h6 12. Be3 exd4 13. Nxd4 Nxd4 14. Bxd4 Bxd4 15. cxd4 Nxe4 16. d5 Nc5 17. Bc2 Qg5 18. Nc3 b4 19. Ne4 Nxe4 20. Bxe4 Rfe8 21. Rc1 Re7 22. f4 Qf6 23. Bf3 Rae8 24. Rxe7 Rxe7 25. Qd2 a5 26. h3 g6 27. Rc4 Qf5 28. Kh2 h5 29. g4 hxg4 30. hxg4 Qf6 31. Kg3 Kg7 32. Be4 Re8 33. Bf3 Rh8 34. g5 Qe7 35. Qd4+ Kg8 36. Rc1 Bc8 37. Bg2 Qd7 38. Re1 Qg4+ 39. Kf2 Bd7 40. Re3 Rh4 41. Rf3 Rh2 42. Rg3 Qf5 43. Qf6 Bxa4 44. Qxf5 gxf5 45. Re3 Kf8 46. Kg3 Rh8 47. Bh3 Bc2 48. Re2 Be4 49. Re1 Kg7 50. Rc1 Ra8 51. Rxc7 a4 52. Rc1 a3 53. bxa3 Rxa3+ 54. Kh4 b3 55. g6 fxg6 56. Kg5 b2 57. Rc7+ Kf8 58. Kf6 Ke8 59. Rc8+ Kd7 60. Rb8 b1=Q 61. Rxb1 Bxb1 62. Kxg6 Rxh3 0-1

[Event "Hold-DM i hurtigskak 2025"]
[Site "Middelfart"]
[Date "2025.06.08"]
[Round "5.1"]
[White "Fries Nielsen, Jens Ove"]
[Black "Ramsdal, Jens Albert"]
[Result "0-1"]
[WhiteElo "2355"]
[BlackElo "2352"]
[EventDate "2025.06.08"]
[EventType "team-tourn"]
[EventRounds "6"]
[EventCountry "DEN"]
[SourceTitle "Live v. Kasper Jerwiarz"]
[WhiteTeam "Fredericia Skakforening"]
[BlackTeam "SK 1968"]

1. Nf3 Nf6 2. g3 g6 3. Bg2 Bg7 4. O-O O-O 5. d4 d5 6. Nc3 Bf5 7. Bf4 Ne4 8. Nxe4 Bxe4 9. c3 c6 10. a4 a5 11. Qb3 Ra6 12. Qxb7 Rb6 13. Qa7 Rxb2 14. Bc7 Qc8 15. Rfe1 Rb7 16. Bxb8 Rxa7 17. Bxa7 Qc7 18. Bc5 Rb8 19. Nd2 Bxg2 20. Kxg2 Rb2 21. Nf3 e5 22. Rab1 Qb7 23. Rxb2 Qxb2 24. dxe5 Qxc3 25. Bd4 Qb4 26. Rc1 Qxa4 27. Rb1 h6 28. Rb8+ Kh7 29. Rb7 g5 30. e6 c5 31. exf7 Bf8 32. Bxc5 Qc6 33. Bd4 Bg7 0-1

[Event "Hold-DM i hurtigskak 2025"]
[Site "Middelfart"]
[Date "2025.06.08"]
[Round "5.2"]
[White "Matthiesen, Martin"]
[Black "Light, Bjarne"]
[Result "1/2-1/2"]
[WhiteElo "2340"]
[BlackElo "2238"]
[EventDate "2025.06.08"]
[EventType "team-tourn"]
[EventRounds "6"]
[EventCountry "DEN"]
[SourceTitle "Live v. Kasper Jerwiarz"]
[WhiteTeam "SK 1968"]
[BlackTeam "Fredericia Skakforening"]

1. d4 Nf6 2. Nf3 e6 3. g3 b5 4. Bg2 Bb7 5. O-O a6 6. a4 b4 7. a5 c5 8. c4 cxd4 9. Nxd4 Bxg2 10. Kxg2 Qc7 11. Nd2 Be7 12. b3 O-O 13. e4 Nc6 14. Nxc6 Qxc6 15. Qf3 d6 16. e5 Qxf3+ 17. Nxf3 Ne4 18. Bb2 Nc5 19. exd6 Bxd6 20. Rfd1 Be7 21. Rab1 Rfd8 22. Bd4 f6 23. Rd2 Nb7 24. Bb6 Rxd2 25. Nxd2 Bd8 26. c5 Nxa5 27. Bxd8 Rxd8 28. Ra1 Rxd2 29. Rxa5 Rc2 30. Rxa6 Rxc5 31. Rb6 e5 32. Rxb4 Kf7 33. Rb7+ Kg6 34. g4 Rc2 35. b4 Rb2 36. Kg3 Rb3+ 37. Kg2 h5 38. gxh5+ Kxh5 39. Rxg7 Rxb4 40. Rg8 1/2-1/2

[Event "Hold-DM i hurtigskak 2025"]
[Site "Middelfart"]
[Date "2025.06.08"]
[Round "5.3"]
[White "Friis, Carsten Bank"]
[Black "Lindfeldt, Magnus"]
[Result "1/2-1/2"]
[WhiteElo "2213"]
[BlackElo "2275"]
[EventDate "2025.06.08"]
[EventType "team-tourn"]
[EventRounds "6"]
[EventCountry "DEN"]
[SourceTitle "Live v. Kasper Jerwiarz"]
[WhiteTeam "Fredericia Skakforening"]
[BlackTeam "SK 1968"]

1. d4 g6 2. Nf3 Bg7 3. e4 d6 4. Nc3 a6 5. Bc4 b5 6. Bb3 e6 7. a3 Ne7 8. O-O O-O 9. d5 e5 10. Ne1 h6 11. f3 c5 12. dxc6 Nbxc6 13. Be3 Nd4 14. Bxd4 exd4 15. Ne2 Qb6 16. Kh1 Be6 17. Nd3 Bxb3 18. cxb3 d5 19. e5 Nf5 20. Qd2 Rae8 21. f4 f6 22. exf6 Bxf6 23. Rfe1 Re4 24. b4 Rfe8 25. Nc5 R4e7 26. Ng1 Bg7 27. Nf3 Kh7 28. Ne5 Ne3 29. Rac1 Nc4 30. Qxd4 Nxe5 31. fxe5 Bxe5 32. Qxd5 Bxb2 33. Rxe7+ Rxe7 34. Rf1 Bg7 35. h3 a5 36. Nd7 Qa7 37. Nc5 axb4 38. axb4 Qb8 39. Qd3 Qe8 40. Qf3 Re1 41. Nd3 Rxf1+ 42. Qxf1 Qe4 43. Qf3 Qc4 44. g3 h5 45. h4 Bc3 46. Nf4 Bxb4 47. Qb7+ Kh6 48. Kg2 Bf8 49. Qb6 Qe4+ 50. Kh2 b4 51. Qf6 Qc2+ 52. Ng2 Bg7 53. Qf4+ Kh7 54. Qxb4 Qe2 1/2-1/2

[Event "Hold-DM i hurtigskak 2025"]
[Site "Middelfart"]
[Date "2025.06.08"]
[Round "5.4"]
[White "Hansen, Lars"]
[Black "Madsen, Michael Baehring"]
[Result "1-0"]
[WhiteElo "2202"]
[BlackElo "2124"]
[EventDate "2025.06.08"]
[EventType "team-tourn"]
[EventRounds "6"]
[EventCountry "DEN"]
[SourceTitle "Live v. Kasper Jerwiarz"]
[WhiteTeam "SK 1968"]
[BlackTeam "Fredericia Skakforening"]

1. d4 Nf6 2. Bg5 c5 3. d5 g6 4. Nc3 b5 5. Bxf6 exf6 6. d6 Qb6 7. e3 a6 8. Qf3 Bxd6 9. Qxf6 O-O 10. Nd5 Qc6 11. Rd1 Re8 12. Nf3 Bb7 13. h4 Bf8 14. Qxc6 Nxc6 15. Nf6+ Kh8 16. Nxe8 Rxe8 17. Rxd7 Na5 18. h5 Bc6 19. Rxf7 Bd5 20. hxg6 Bxf7 21. Rxh7+ 1-0

[Event "Hold-DM i hurtigskak 2025"]
[Site "Middelfart"]
[Date "2025.06.08"]
[Round "5.1"]
[White "Thorsbro, Peter"]
[Black "Sylvan, Jacob"]
[Result "1/2-1/2"]
[WhiteElo "2220"]
[BlackElo "2353"]
[EventDate "2025.06.08"]
[EventType "team-tourn"]
[EventRounds "6"]
[EventCountry "DEN"]
[SourceTitle "Live v. Kasper Jerwiarz"]
[WhiteTeam "Fureso"]
[BlackTeam "Nordkalotten"]

1. d4 Nf6 2. c4 e6 3. Nc3 d5 4. cxd5 exd5 5. Bg5 c6 6. e3 Bd6 7. Qc2 O-O 8. Bd3 h6 9. Bh4 Re8 10. Nge2 a5 11. O-O Na6 12. a3 Nc7 13. Rab1 Bxh2+ 14. Kxh2 Ng4+ 15. Kg3 g5 16. Bf5 gxh4+ 17. Kh3 Qg5 18. Bxc8 Raxc8 19. g3 hxg3 20. Nxg3 Kh8 21. Qf5 Rg8 22. Rbc1 Ne6 23. Nxd5 cxd5 24. Rxc8 Nxf2+ 25. Qxf2 Qg4+ 26. Kh2 Rxc8 27. Qxf7 Rf8 28. Qxb7 Qh4+ 29. Kg2 Rxf1 30. Nxf1 1/2-1/2

[Event "Hold-DM i hurtigskak 2025"]
[Site "Middelfart"]
[Date "2025.06.08"]
[Round "5.2"]
[White "Hove, Esben Kjems"]
[Black "Bogo, Soren"]
[Result "1-0"]
[WhiteElo "2303"]
[BlackElo "2193"]
[EventDate "2025.06.08"]
[EventType "team-tourn"]
[EventRounds "6"]
[EventCountry "DEN"]
[SourceTitle "Live v. Kasper Jerwiarz"]
[WhiteTeam "Nordkalotten"]
[BlackTeam "Fureso"]

1. d4 d5 2. Nf3 Nf6 3. g3 Bf5 4. Bg2 h6 5. O-O e6 6. b3 c6 7. c4 Nbd7 8. Bb2 Be7 9. Nc3 Ne4 10. Nd2 Nxc3 11. Bxc3 O-O 12. e4 dxe4 13. Nxe4 Nf6 14. Nd2 a5 15. a3 Qc7 16. b4 axb4 17. axb4 Rxa1 18. Qxa1 b5 19. c5 Nd5 20. Nb3 Qb7 21. Bd2 Ra8 22. Na5 Qc8 23. Qb2 Bf6 24. Bf4 Nxf4 25. gxf4 Ra6 26. Qd2 Qd7 27. Rd1 Bg4 28. Re1 Bf5 29. Bf3 Bh3 30. Rd1 g5 31. Qe3 Qc7 32. Bxc6 Bg4 33. Bf3 gxf4 34. Qe2 Bf5 35. Qxb5 1-0

[Event "Hold-DM i hurtigskak 2025"]
[Site "Middelfart"]
[Date "2025.06.08"]
[Round "5.3"]
[White "Damm, Kasper Wilken"]
[Black "Kristensen, Kaare Hove"]
[Result "0-1"]
[WhiteElo "2185"]
[BlackElo "2272"]
[EventDate "2025.06.08"]
[EventType "team-tourn"]
[EventRounds "6"]
[EventCountry "DEN"]
[SourceTitle "Live v. Kasper Jerwiarz"]
[WhiteTeam "Fureso"]
[BlackTeam "Nordkalotten"]

1. e4 c5 2. Nf3 Nf6 3. e5 Nd5 4. Nc3 e6 5. Nxd5 exd5 6. d4 Nc6 7. dxc5 Bxc5 8. Qxd5 d6 9. exd6 Qb6 10. Bc4 Bxf2+ 11. Kd1 O-O 12. c3 Be6 13. Qd3 Bxc4 14. Qxc4 Rad8 15. Kc2 Na5 16. Qb4 Qxd6 17. Qxd6 Rxd6 18. Rf1 Bb6 19. b3 Re8 20. Re1 Rxe1 21. Nxe1 Re6 22. Kd1 Nc6 23. Bf4 f6 24. Nd3 g5 25. Bg3 Kf7 26. h3 Re3 27. Bf2 Rxd3+ 28. Kc2 Rd5 29. Bxb6 axb6 30. Rf1 Ke6 31. g4 f5 32. gxf5+ Rxf5 33. Rg1 h6 34. h4 Rf2+ 35. Kd3 Ne5+ 36. Ke3 Rf3+ 37. Ke2 gxh4 38. c4 Rc3 39. Rg7 h3 40. Rxb7 h2 41. Rxb6+ Kd7 42. Rxh6 Rc1 43. Kd2 h1=Q 44. Rxh1 Rxh1 45. Kc3 Kc6 46. b4 Rh3+ 47. Kd4 Nxc4 48. Kxc4 Ra3 49. Kd4 0-1

[Event "Hold-DM i hurtigskak 2025"]
[Site "Middelfart"]
[Date "2025.06.08"]
[Round "5.4"]
[White "Nielsen, Lars Aaes"]
[Black "Jensen, Christian Skov"]
[Result "1-0"]
[WhiteElo "2223"]
[BlackElo "1919"]
[EventDate "2025.06.08"]
[EventType "team-tourn"]
[EventRounds "6"]
[EventCountry "DEN"]
[SourceTitle "Live v. Kasper Jerwiarz"]
[WhiteTeam "Nordkalotten"]
[BlackTeam "Fureso"]

1. e4 d6 2. d4 Nf6 3. Nc3 c6 4. Be2 Qa5 5. Bf3 e5 6. Nge2 Be7 7. O-O O-O 8. a3 Re8 9. h3 Nbd7 10. Be3 Nf8 11. Bg5 Ne6 12. Bxf6 Bxf6 13. d5 Nd4 14. Nxd4 exd4 15. Ne2 c5 16. Nf4 g6 17. a4 Qd8 18. Re1 b6 19. Ra3 Bb7 20. c4 dxc3 21. bxc3 Ba6 22. Qb1 Bc4 23. Be2 Bxe2 24. Rxe2 Qd7 25. Qb5 Qe7 26. Nd3 Bg7 27. f4 Qh4 28. Qd7 Qg3 29. c4 Bd4+ 30. Kh1 h5 31. Qxd6 Rad8 32. Qc7 Kg7 33. Rb3 h4 34. Nxc5 Qxf4 35. Qxf4 Bxc5 36. e5 Rh8 1-0

[Event "Hold-DM i hurtigskak 2025"]
[Site "Middelfart"]
[Date "2025.06.08"]
[Round "5.1"]
[White "Veiergang, Oscar Jacob"]
[Black "Loftgaard, Mikkel Vinh"]
[Result "1/2-1/2"]
[WhiteElo "2028"]
[BlackElo "2325"]
[EventDate "2025.06.08"]
[EventType "team-tourn"]
[EventRounds "6"]
[EventCountry "DEN"]
[SourceTitle "Live v. Kasper Jerwiarz"]
[WhiteTeam "Skak for Sjov"]
[BlackTeam "Laeseforeningen"]

1. e4 c5 2. Nf3 e6 3. d4 cxd4 4. Nxd4 Nf6 5. Nc3 Nc6 6. Nxc6 bxc6 7. e5 Nd5 8. Ne4 Qc7 9. f4 Qb6 10. c4 Ne3 11. Qd3 Bb4+ 12. Bd2 O-O 13. Bxb4 Qxb4+ 14. Kf2 Qxb2+ 15. Be2 Nf5 16. Rhd1 c5 17. Rab1 Qd4+ 18. Qxd4 cxd4 19. g4 Ne7 20. Rxd4 a5 21. a3 Ng6 22. Ke3 f6 23. exf6 gxf6 24. Rd6 Ra7 25. Rb8 Kf7 26. Rdb6 Ke7 27. c5 Rc7 28. Ra8 f5 29. gxf5 exf5 30. Ng5 Rxc5 31. Nxh7 Re8 32. Ng5 Kd8+ 33. Kd4 Rc6 34. Rxc6 dxc6 35. Bh5 Rg8 36. Bxg6 Rxg6 37. Rxa5 Rd6+ 38. Ke5 Rd2 39. Ra7 Bd7 40. Kf6 Rd6+ 41. Ke5 Ke7 42. Ra5 Rd2 43. h3 Rf2 44. Ra4 Rd2 45. Rd4 Rf2 1/2-1/2

[Event "Hold-DM i hurtigskak 2025"]
[Site "Middelfart"]
[Date "2025.06.08"]
[Round "5.2"]
[White "Sandmann, Villads Majvang"]
[Black "Slavensky, Asbjorn Vesterkaer"]
[Result "1/2-1/2"]
[WhiteElo "2070"]
[BlackElo "2027"]
[EventDate "2025.06.08"]
[EventType "team-tourn"]
[EventRounds "6"]
[EventCountry "DEN"]
[SourceTitle "Live v. Kasper Jerwiarz"]
[WhiteTeam "Laeseforeningen"]
[BlackTeam "Skak for Sjov"]

1. d4 Nf6 2. c4 e6 3. Nc3 d5 4. cxd5 exd5 5. Bg5 c6 6. e3 Be7 7. Bd3 h6 8. Bh4 O-O 9. Nge2 Re8 10. O-O Nbd7 11. f3 c5 12. dxc5 Nxc5 13. Nd4 g5 14. Bf2 a6 15. Qd2 Bf8 16. Rad1 b5 17. a3 Qc7 18. Rc1 Qb8 19. b4 Nxd3 20. Qxd3 Bd6 21. h3 Bg3 22. Nf5 Bxf5 23. Qxf5 Bxf2+ 24. Rxf2 Qb6 25. Nd1 a5 26. Rfc2 Re6 27. Rc8+ Rxc8 28. Rxc8+ Kg7 29. Qd3 axb4 30. axb4 Rc6 31. Rxc6 Qxc6 32. Nc3 Qc4 33. Qxc4 dxc4 34. Nxb5 Nd5 35. Kf2 Nxb4 36. Ke2 Nd5 37. Kd2 Kf6 38. Nd6 c3+ 39. Kd3 c2 40. Kxc2 Nxe3+ 41. Kd3 Nxg2 42. Ke4 Nf4 43. h4 Ne6 44. hxg5+ Nxg5+ 45. Kf4 h5 46. Nc4 Ne6+ 47. Kg3 Kg5 48. Nd6 h4+ 49. Kh3 Nf4+ 50. Kh2 f5 51. Nc4 Nd3 52. Kg2 Ne1+ 53. Kf2 h3 54. Kg3 h2 55. Kxh2 1/2-1/2

[Event "Hold-DM i hurtigskak 2025"]
[Site "Middelfart"]
[Date "2025.06.08"]
[Round "5.3"]
[White "Skovgaard, Andreas"]
[Black "Topholm, Morten"]
[Result "1-0"]
[WhiteElo "2055"]
[BlackElo "2052"]
[EventDate "2025.06.08"]
[EventType "team-tourn"]
[EventRounds "6"]
[EventCountry "DEN"]
[SourceTitle "Live v. Kasper Jerwiarz"]
[WhiteTeam "Skak for Sjov"]
[BlackTeam "Laeseforeningen"]

1. d4 e6 2. c4 f5 3. Nf3 Nf6 4. Nc3 Bb4 5. Bd2 b6 6. Qc2 Bb7 7. e3 a5 8. Rg1 O-O 9. Bd3 Bxc3 10. Bxc3 Ne4 11. h3 d6 12. O-O-O Nxc3 13. Qxc3 Qe7 14. Qc2 e5 15. e4 Nc6 16. a3 Rae8 17. d5 Nb8 18. Nh2 Na6 19. exf5 e4 20. Be2 Rxf5 21. Bg4 Rf6 22. Be6+ Rxe6 23. dxe6 Qxe6 24. Rge1 Nc5 25. Kb1 Nd3 26. Re3 Ne5 27. Rd4 c5 28. Rdxe4 Bxe4 29. Qxe4 Kf7 30. Nf3 Nxf3 31. Qxf3+ Qf6 32. Qh5+ Qg6+ 33. Qxg6+ hxg6 34. Rxe8 Kxe8 35. Kc2 Ke7 36. a4 Ke6 37. Kd3 d5 38. cxd5+ Kxd5 39. b3 g5 40. g3 c4+ 41. bxc4+ Kc5 42. Kc3 Kc6 43. Kd4 Kd6 44. f4 gxf4 45. gxf4 g6 46. h4 Ke6 47. Ke4 Kd6 48. f5 gxf5+ 49. Kxf5 Kc5 50. h5 Kxc4 51. h6 Kb4 52. h7 Kxa4 53. h8=Q b5 54. Ke4 b4 55. Kd4 Kb3 56. Qh3+ Ka4 57. Kc4 1-0

[Event "Hold-DM i hurtigskak 2025"]
[Site "Middelfart"]
[Date "2025.06.08"]
[Round "5.4"]
[White "Christensen, Soren"]
[Black "Lassen, Mathias Damsgaard"]
[Result "1-0"]
[WhiteElo "1875"]
[BlackElo "1649"]
[EventDate "2025.06.08"]
[EventType "team-tourn"]
[EventRounds "6"]
[EventCountry "DEN"]
[SourceTitle "Live v. Kasper Jerwiarz"]
[WhiteTeam "Laeseforeningen"]
[BlackTeam "Skak for Sjov"]

1. Nf3 Nf6 2. d4 g6 3. g3 Bg7 4. Bg2 O-O 5. O-O d6 6. c4 Nbd7 7. Nc3 e5 8. d5 Nc5 9. b4 Nce4 10. Nxe4 Nxe4 11. Bb2 a5 12. a3 f5 13. Qc2 b6 14. Nd2 Ng5 15. Rfc1 f4 16. c5 fxg3 17. fxg3 Nh3+ 18. Bxh3 Bxh3 19. Ne4 Bh6 20. Rd1 bxc5 21. bxc5 Qd7 22. Rd3 Bf5 23. Rf3 Rab8 24. Bc1 Bxc1 25. Rxc1 Bg4 26. Nf6+ 1-0

[Event "Hold-DM i hurtigskak 2025"]
[Site "Middelfart"]
[Date "2025.06.08"]
[Round "6.1"]
[White "Sylvan, Jacob"]
[Black "Ramsdal, Jens Albert"]
[Result "1/2-1/2"]
[WhiteElo "2353"]
[BlackElo "2352"]
[EventDate "2025.06.08"]
[EventType "team-tourn"]
[EventRounds "6"]
[EventCountry "DEN"]
[SourceTitle "Live v. Kasper Jerwiarz"]
[WhiteTeam "Nordkalotten"]
[BlackTeam "SK 1968"]

1. d4 e6 2. g3 c5 3. Nf3 cxd4 4. Nxd4 d5 5. Bg2 Nf6 6. O-O e5 7. Nb3 Nc6 8. Bg5 Be6 9. Nc3 e4 10. Nd4 Nxd4 11. Qxd4 Be7 12. Qa4+ Qd7 13. Qxd7+ Nxd7 14. Bxe7 Kxe7 15. Rad1 Nb6 16. Nb5 a5 17. Nd4 a4 18. b3 Nc8 19. f3 exf3 20. exf3 Nd6 21. Rfe1 Kf6 22. f4 Rhe8 23. Nxe6 fxe6 24. c4 axb3 25. axb3 Nf5 26. cxd5 exd5 27. Rxe8 Rxe8 28. Rxd5 Re1+ 29. Kf2 Rb1 30. Rb5 Rb2+ 31. Kg1 Rb1+ 32. Kf2 Rb2+ 33. Kg1 Rb1+ 1/2-1/2

[Event "Hold-DM i hurtigskak 2025"]
[Site "Middelfart"]
[Date "2025.06.08"]
[Round "6.2"]
[White "Matthiesen, Martin"]
[Black "Hove, Esben Kjems"]
[Result "0-1"]
[WhiteElo "2340"]
[BlackElo "2303"]
[EventDate "2025.06.08"]
[EventType "team-tourn"]
[EventRounds "6"]
[EventCountry "DEN"]
[SourceTitle "Live v. Kasper Jerwiarz"]
[WhiteTeam "SK 1968"]
[BlackTeam "Nordkalotten"]

1. d4 d5 2. c4 c6 3. Nf3 Nf6 4. Nc3 dxc4 5. a4 Bf5 6. Ne5 Nbd7 7. Nxc4 Qc7 8. g3 e5 9. dxe5 Nxe5 10. Bf4 Nfd7 11. Bg2 f6 12. Nxe5 Nxe5 13. O-O Bc5 14. Ne4 Be7 15. Qb3 Qb6 16. Qa2 a5 17. Ng5 Bg6 18. Ne6 Bf7 19. Nxg7+ Kf8 20. Ne6+ Kg8 21. Rad1 Re8 22. Bxe5 fxe5 23. Rd7 h5 24. Qb1 Bf6 25. Bh3 h4 26. Qf5 Rh6 27. Nc7 Rf8 28. Rfd1 hxg3 29. hxg3 Bg7 30. Qg4 Rg6 31. Qh4 Bf6 0-1